[Event "Paracin op-A 18th"]
[Site "Paracin"]
[Date "2025.07.11"]
[Round "8"]
[White "Enkhrii, Enkh Amgalan"]
[Black "Kalyani, Sirin"]
[Result "0-1"]
[WhiteElo "2141"]
[BlackElo "2138"]
[PlyCount "106"]
[EventDate "2025.07.04"]
[EventType "swiss"]
[EventRounds "9"]
[EventCountry "SRB"]
[SourceTitle "CB29_2025"]
[SourceDate "2025.07.16"]
[SourceVersion "1"]
[SourceVersionDate "2025.07.16"]
[SourceQuality "1"]

1. d4 d5 2. c4 dxc4 3. e3 Nf6 4. Bxc4 e6 5. Nf3 c5 6. 0-0 a6 7. a4 cxd4 8. Qxd4 Qxd4 9. Nxd4 Bc5 10. Nc3 0-0 11. Nb3 Bb4 12. Be2 Nc6 13. Rd1 e5 14. Bc4 Bf5 15. Bd2 Rfd8 16. Be1 Rac8 17. Kf1 Kf8 18. Rac1 Rxd1 19. Rxd1 Ne7 20. Bd3 Be6 21. Nc1 Ned5 22. N1e2 Nxc3 23. Bxc3 Bxc3 24. Nxc3 Bb3 25. Rd2 Ke7 26. Ke2 Rd8 27. f3 Nd5 28. a5 Nxc3+ 29. bxc3 Rc8 30. Rb2 Bd5 31. c4 Bc6 32. Kd2 Kd6 33. Kc3 Kc5 34. h4 h6 35. Be4 Rd8 36. Bd5 f5 37. Rb6 e4 38. fxe4 fxe4 39. Bxc6 bxc6 40. Rxa6 Rd3+ 41. Kb2 Rxe3 42. Ra8 Re2+ 43. Kb3 Rxg2 44. Re8 Rg3+ 45. Ka4 e3 46. Re6 Rg4 47. Kb3 Rxc4 48. Re5+ Kd6 49. Kxc4 Kxe5 50. Kd3 Kd6 51. Kxe3 g5 52. hxg5 hxg5 53. Ke4 c5 0-1

[Event "Paracin op-A 18th"]
[Site "Paracin"]
[Date "2025.07.08"]
[Round "5"]
[White "Buyankhishig, Batpelden"]
[Black "Enkhrii, Enkh Amgalan"]
[Result "0-1"]
[WhiteElo "2015"]
[BlackElo "2141"]
[PlyCount "132"]
[EventDate "2025.07.04"]
[EventType "swiss"]
[EventRounds "9"]
[EventCountry "SRB"]
[SourceTitle "CB29_2025"]
[SourceDate "2025.07.16"]
[SourceVersion "1"]
[SourceVersionDate "2025.07.16"]
[SourceQuality "1"]

1. e4 c5 2. Nc3 a6 3. a4 Nc6 4. g3 g6 5. Bg2 Bg7 6. Nge2 e6 7. 0-0 Nge7 8. d3 0-0 9. Bg5 b6 10. Qd2 Bb7 11. Bh6 Qc7 12. Bxg7 Kxg7 13. f4 f5 14. d4 Nb4 15. d5 exd5 16. Nxd5 Bxd5 17. exd5 Qd6 18. Rad1 c4 19. Qd4+ Rf6 20. c3 Nd3 21. b3 Rc8 22. Rf3 b5 23. Re3 Kf7 24. axb5 axb5 25. bxc4 bxc4 26. Nc1 Nxc1 27. Rxc1 Qc5 28. Rd1 Rd6 29. Qe5 Ng8 30. Rd4 Qb6 31. Rd1 Nf6 32. Qd4 Qxd4 33. Rxd4 Rb6 34. h3 Rb1+ 35. Kf2 Rb2+ 36. Re2 Rxe2+ 37. Kxe2 d6 38. Bf3 h5 39. Kf2 Nd7 40. Be2 Nb6 41. g4 h4 42. gxf5 gxf5 43. Bh5+ Kf6 44. Rd1 Rg8 45. Bf3 Na4 46. Re1 Nc5 47. Rb1 Rg3 48. Rb6 Nd3+ 49. Ke3 Ne1 50. Rxd6+ Kf7 51. Rd7+ Ke8 52. Rh7 Nxf3 53. Kf2 Rxh3 54. Rh5 Nd2 55. Rxf5 Ne4+ 56. Kg2 Rg3+ 57. Kh2 Nxc3 58. d6 Rf3 59. Kg2 Rd3 60. Rc5 Rd4 61. Kf3 Nd5 62. f5 Kd7 63. f6 Nxf6 64. Ke3 Ng4+ 65. Kf3 Kxd6 66. Rf5 Ne5+ 0-1

[Event "Paracin op-A 18th"]
[Site "Paracin"]
[Date "2025.07.05"]
[Round "3"]
[White "Melnikov, Evgeny"]
[Black "Enkhrii, Enkh Amgalan"]
[Result "1/2-1/2"]
[WhiteElo "1818"]
[BlackElo "2141"]
[PlyCount "79"]
[EventDate "2025.07.04"]
[EventType "swiss"]
[EventRounds "9"]
[EventCountry "SRB"]
[SourceTitle "CB29_2025"]
[SourceDate "2025.07.16"]
[SourceVersion "1"]
[SourceVersionDate "2025.07.16"]
[SourceQuality "1"]

1. e4 c5 2. Nc3 a6 3. g3 b5 4. Bg2 Bb7 5. Nge2 e6 6. d3 Nf6 7. 0-0 Be7 8. e5 Nd5 9. Nxd5 Bxd5 10. Bxd5 exd5 11. d4 Nc6 12. dxc5 Bxc5 13. Qxd5 Qe7 14. Nf4 Rc8 15. Nd3 Bb6 16. Re1 Nd4 17. Be3 Qe6 18. Qxe6+ fxe6 19. Bxd4 Bxd4 20. c3 Bb6 21. a4 Ke7 22. axb5 axb5 23. Ra6 Rb8 24. Kg2 g5 25. Re4 h6 26. h4 Bc7 27. Rg4 Rhg8 28. hxg5 hxg5 29. Ra7 Bb6 30. Ra1 Rg7 31. Rh1 Rf8 32. f3 Bc7 33. Rb4 Rgf7 34. Rf1 Rb8 35. Rh1 Rbf8 36. Rf1 Rb8 37. f4 gxf4 38. Rfxf4 Rh7 39. Rh4 Rf7 40. Rbf4 1/2-1/2

[Event "Asia-ch (Women)"]
[Site "Al Ain"]
[Date "2025.05.13"]
[Round "7"]
[White "Shokirjonova, Barchinoy"]
[Black "Enkhrii, Enkh Amgalan"]
[Result "0-1"]
[WhiteElo "2043"]
[BlackElo "2142"]
[PlyCount "60"]
[EventDate "2025.05.07"]
[EventType "swiss"]
[EventRounds "9"]
[EventCountry "UAE"]
[SourceTitle "CB21_2025"]
[SourceDate "2025.05.21"]
[SourceVersion "1"]
[SourceVersionDate "2025.05.21"]
[SourceQuality "1"]

1. d4 Nf6 2. c4 e6 3. Nf3 d5 4. Nc3 Bb4 5. Qa4+ Nc6 6. e3 0-0 7. Bd2 Re8 8. Qc2 Bf8 9. a3 e5 10. dxe5 Nxe5 11. Nxe5 Rxe5 12. cxd5 Nxd5 13. Bd3 Qh4 14. Nxd5 Rxd5 15. e4 Rc5 16. Qb1 Bg4 17. Be3 Rd8 18. Bxc5 Bxc5 19. Qc2 b6 20. g3 Qf6 21. 0-0 Qf3 22. Be2 Qxe2 23. Qxe2 Bxe2 24. Rfe1 Rd2 25. b4 Bd4 26. Rac1 c5 27. bxc5 bxc5 28. Rb1 g6 29. Rb8+ Kg7 30. Rd8 Bc4 0-1

[Event "Asia-ch (Women)"]
[Site "Al Ain"]
[Date "2025.05.10"]
[Round "4"]
[White "Enkhrii, Enkh Amgalan"]
[Black "Gong, Qianyun"]
[Result "1/2-1/2"]
[WhiteElo "2142"]
[BlackElo "2265"]
[PlyCount "40"]
[EventDate "2025.05.07"]
[EventType "swiss"]
[EventRounds "9"]
[EventCountry "UAE"]
[SourceTitle "CB21_2025"]
[SourceDate "2025.05.21"]
[SourceVersion "1"]
[SourceVersionDate "2025.05.21"]
[SourceQuality "1"]

1. d4 e6 2. c4 f5 3. Nf3 Nf6 4. Bf4 Bb4+ 5. Nbd2 0-0 6. e3 Nc6 7. a3 Be7 8. d5 Nb8 9. Nd4 c5 10. Nb5 d6 11. b4 e5 12. Bg5 a6 13. Nc3 Nxd5 14. cxd5 Bxg5 15. bxc5 dxc5 16. a4 e4 17. Qb3 Qf6 18. g3 Nd7 19. h4 Bh6 20. a5 Rb8 1/2-1/2

[Event "Asia-ch (Women) Blitz"]
[Site "Al Ain"]
[Date "2025.05.10"]
[Round "3"]
[White "Frayna, Janelle Mae"]
[Black "Enkhrii, Enkh Amgalan"]
[Result "1-0"]
[WhiteElo "2314"]
[BlackElo "2142"]
[PlyCount "51"]
[EventDate "2025.05.10"]
[EventType "swiss (blitz)"]
[EventRounds "9"]
[EventCountry "UAE"]
[SourceTitle "CB20_2025"]
[SourceDate "2025.05.14"]
[SourceVersion "1"]
[SourceVersionDate "2025.05.14"]
[SourceQuality "1"]

1. Nf3 Nf6 2. c4 b6 3. g3 Bb7 4. Bg2 c5 5. 0-0 g6 6. Nc3 Bg7 7. Re1 d5 8. cxd5 Nxd5 9. e4 Nxc3 10. bxc3 Nc6 11. d4 cxd4 12. cxd4 Nxd4 13. e5 Nxf3+ 14. Bxf3 Qxd1 15. Bxd1 Rc8 16. f4 f6 17. Bb3 fxe5 18. Bb2 Rc5 19. fxe5 Bh6 20. Rad1 a6 21. Ba3 Rc7 22. Bb2 b5 23. Bd4 Rf8 24. Bb6 Rc8 25. Be6 Rc6 26. Rd8# 1-0

[Event "Eastern Asia zt 3.3 (Women)"]
[Site "Ulaanbaatar"]
[Date "2025.04.29"]
[Round "7"]
[White "Frayna, Janelle Mae"]
[Black "Enkhrii, Enkh Amgalan"]
[Result "1/2-1/2"]
[WhiteElo "2311"]
[BlackElo "2142"]
[PlyCount "124"]
[EventDate "2025.04.23"]
[EventType "swiss"]
[EventRounds "9"]
[EventCountry "MGL"]
[SourceTitle "CB20_2025"]
[SourceDate "2025.05.14"]
[SourceVersion "1"]
[SourceVersionDate "2025.05.14"]
[SourceQuality "1"]

1. e4 e5 2. Nf3 Nc6 3. Nc3 Nf6 4. g3 Bc5 5. Bg2 d6 6. d3 h6 7. h3 0-0 8. 0-0 Be6 9. Na4 Bb6 10. Nxb6 axb6 11. c4 Nd7 12. b3 f5 13. Bb2 fxe4 14. dxe4 Nc5 15. Ne1 Qg5 16. Nc2 Qg6 17. Qe2 h5 18. h4 Rf7 19. Qe3 Raf8 20. Bc3 Qg4 21. Ne1 Bd7 22. Kh2 Qg6 23. Nc2 Ne6 24. f3 Rf6 25. Rf2 Ne7 26. Rd1 Qe8 27. Qd2 Ng6 28. Ne3 R6f7 29. Nf5 Nc5 30. Bh3 Ne7 31. b4 Nxf5 32. bxc5 Nd4 33. Bxd7 Qxd7 34. Bxd4 exd4 35. cxd6 Qxd6 36. Qxd4 Qxd4 37. Rxd4 Rxf3 38. Rxf3 Rxf3 39. Rd8+ Kh7 40. Rd7 Re3 41. Rxc7 Rxe4 42. a3 Re2+ 43. Kh3 Re3 44. Rxb7 Rxa3 45. Rxb6 Rc3 46. Rc6 Rc2 47. Rc8 Kh6 48. Rc5 Kg6 49. Rg5+ Kh6 50. c5 g6 51. Rd5 Kh7 52. Rd7+ Kh6 53. Rc7 Rd2 54. Re7 Rc2 55. Re5 Kh7 56. Re7+ Kh6 57. Rc7 Rd2 58. c6 Rc2 59. Rc8 Kg7 60. Rc7+ Kf6 61. Rc8 Kg7 62. Rc7+ Kf6 1/2-1/2

[Event "Titled Tuesday intern op 25th Mar Early"]
[Site "Chess.com INT"]
[Date "2025.03.25"]
[Round "9"]
[White "Enkhrii, Enkh Amgalan"]
[Black "Punin, Andrii"]
[Result "0-1"]
[WhiteElo "2184"]
[BlackElo "2289"]
[PlyCount "66"]
[EventDate "2025.03.25"]
[EventType "swiss (blitz)"]
[EventRounds "11"]
[EventCountry "USA"]
[SourceTitle "CB14_2025"]
[SourceDate "2024.11.01"]
[SourceVersion "1"]
[SourceVersionDate "2024.11.01"]
[SourceQuality "1"]

1. d4 Nf6 2. c4 e6 3. Nf3 d5 4. Nc3 Bb4 5. Bg5 dxc4 6. e3 b5 7. a4 c6 8. Ne5 h6 9. Bxf6 gxf6 10. Nf3 a6 11. Be2 Bb7 12. Qc2 f5 13. 0-0 Nd7 14. Na2 Bd6 15. b3 cxb3 16. Qxb3 0-0 17. Nc3 Nf6 18. Rfc1 Qb8 19. h3 b4 20. Nd1 a5 21. Nb2 Ne4 22. Nd3 Kh7 23. Nfe5 Bxe5 24. Nxe5 Qd6 25. f3 Ng3 26. Bd3 Kh8 27. Kf2 Nh5 28. g4 Nf6 29. gxf5 Nd5 30. Rg1 exf5 31. Rac1 Qf6 32. Ke2 Rg8 33. f4 Rxg1 0-1

[Event "Titled Tuesday intern op 25th Mar Early"]
[Site "Chess.com INT"]
[Date "2025.03.25"]
[Round "8"]
[White "Mateus, Alejandro"]
[Black "Enkhrii, Enkh Amgalan"]
[Result "0-1"]
[WhiteElo "2237"]
[BlackElo "2184"]
[PlyCount "76"]
[EventDate "2025.03.25"]
[EventType "swiss (blitz)"]
[EventRounds "11"]
[EventCountry "USA"]
[SourceTitle "CB14_2025"]
[SourceDate "2024.11.01"]
[SourceVersion "1"]
[SourceVersionDate "2024.11.01"]
[SourceQuality "1"]

1. e4 e5 2. Nf3 Nc6 3. Bb5 a6 4. Ba4 Nf6 5. 0-0 Be7 6. Re1 b5 7. Bb3 d6 8. c3 0-0 9. h3 Bb7 10. d4 Re8 11. Nbd2 Bf8 12. Ng5 Re7 13. Bc2 exd4 14. Ndf3 h6 15. e5 dxe5 16. Ne4 Nxe4 17. Bxe4 dxc3 18. Qe2 Nd4 19. Qe3 Bxe4 20. Qxe4 f5 21. Qd3 e4 22. Qxd4 exf3 23. Qxc3 Rxe1+ 24. Qxe1 fxg2 25. Qe6+ Kh8 26. Bf4 Qh4 27. Qxf5 Be7 28. Bg3 Qb4 29. Be5 Rf8 30. Qg6 Bf6 31. Bxc7 Qxb2 32. Rb1 Qxa2 33. Bg3 Bd4 34. Qe4 Bxf2+ 35. Kxg2 Bxg3+ 36. Kxg3 Qf2+ 37. Kg4 Qf6 38. Rd1 Qg5# 0-1

[Event "Titled Tuesday intern op 25th Mar Early"]
[Site "Chess.com INT"]
[Date "2025.03.25"]
[Round "2"]
[White "Thet, Naung"]
[Black "Enkhrii, Enkh Amgalan"]
[Result "0-1"]
[WhiteElo "2267"]
[BlackElo "2184"]
[PlyCount "68"]
[EventDate "2025.03.25"]
[EventType "swiss (blitz)"]
[EventRounds "11"]
[EventCountry "USA"]
[SourceTitle "CB14_2025"]
[SourceDate "2024.11.01"]
[SourceVersion "1"]
[SourceVersionDate "2024.11.01"]
[SourceQuality "1"]

1. e4 e5 2. Nf3 Nc6 3. Bb5 a6 4. Ba4 Nf6 5. d3 b5 6. Bb3 Bc5 7. Be3 Bxe3 8. fxe3 d6 9. 0-0 0-0 10. Nbd2 Na5 11. Qe1 c5 12. Bd5 Nxd5 13. exd5 f5 14. a4 Bd7 15. axb5 axb5 16. Qg3 c4 17. d4 Qb6 18. c3 b4 19. Qh4 f4 20. exf4 Rxf4 21. Qe7 Rf7 22. Qh4 Raf8 23. Ng5 Rxf1+ 24. Rxf1 Rxf1+ 25. Kxf1 h6 26. Ngf3 bxc3 27. bxc3 exd4 28. Nxd4 Nb3 29. N2f3 Nc5 30. Qe7 Qb1+ 31. Kf2 Ne4+ 32. Ke3 Qd3+ 33. Kf4 g5+ 34. Nxg5 hxg5+ 0-1

[Event "Titled Tuesday intern op 11th Mar Early"]
[Site "Chess.com INT"]
[Date "2025.03.11"]
[Round "9"]
[White "Enkhrii, Enkh Amgalan"]
[Black "Adu, Oladapo"]
[Result "0-1"]
[WhiteElo "2184"]
[BlackElo "2060"]
[PlyCount "116"]
[EventDate "2025.03.11"]
[EventType "swiss (blitz)"]
[EventRounds "11"]
[EventCountry "USA"]
[SourceTitle "CB12_2025"]
[SourceDate "2025.03.19"]
[SourceVersion "1"]
[SourceVersionDate "2025.03.19"]
[SourceQuality "1"]

1. d4 d5 2. c4 c6 3. Nc3 Nf6 4. e3 a6 5. Nf3 Bg4 6. Qb3 Ra7 7. Ne5 Be6 8. cxd5 Bxd5 9. Nxd5 cxd5 10. Bd3 e6 11. Qa4+ Nbd7 12. Bb5 Ra8 13. Bxd7+ Nxd7 14. 0-0 b5 15. Qb3 Nxe5 16. dxe5 Qc7 17. a4 b4 18. Bd2 a5 19. Qd3 Rb8 20. Qa6 Be7 21. Rac1 Qxe5 22. Qc6+ Kf8 23. b3 f6 24. Qa6 Kf7 25. Qxa5 Qb2 26. Rfd1 Qxb3 27. Kf1 Ra8 28. Qc7 Qxa4 29. Ra1 Qxa1 30. Rxa1 Rxa1+ 31. Ke2 Ra2 32. Kd3 Rha8 33. Bxb4 R8a7 34. Qb6 Bxb4 35. Qxb4 R2a4 36. Qc5 Ra3+ 37. Ke2 R3a5 38. Qc6 Re7 39. Qb6 Ra2+ 40. Kf3 g5 41. Qb3 Rea7 42. h3 h5 43. g4 h4 44. Qd3 Kg7 45. Qb3 R2a3 46. Qb6 R3a6 47. Qb5 Ra5 48. Qe8 e5 49. Qe6 d4 50. exd4 exd4 51. Qd6 d3 52. Ke3 Ra3 53. Qd4 d2+ 54. Kxd2 Rb7 55. Qd5 Rb2+ 56. Kc1 Rxf2 57. Qb7+ Kh6 58. Qe7 Ra1# 0-1

[Event "Titled Tuesday intern op 11th Mar Early"]
[Site "Chess.com INT"]
[Date "2025.03.11"]
[Round "6"]
[White "Pakhomov, Egor"]
[Black "Enkhrii, Enkh Amgalan"]
[Result "0-1"]
[WhiteElo "2366"]
[BlackElo "2184"]
[PlyCount "150"]
[EventDate "2025.03.11"]
[EventType "swiss (blitz)"]
[EventRounds "11"]
[EventCountry "USA"]
[SourceTitle "CB12_2025"]
[SourceDate "2025.03.19"]
[SourceVersion "1"]
[SourceVersionDate "2025.03.19"]
[SourceQuality "1"]

1. d4 d5 2. Nf3 Nf6 3. c4 e6 4. Nc3 a6 5. cxd5 exd5 6. Bg5 Be6 7. e3 Nbd7 8. Bd3 Bd6 9. Qc2 c6 10. 0-0 h6 11. Bh4 0-0 12. Rab1 Qc7 13. Bg3 Rfe8 14. b4 Bxg3 15. hxg3 b5 16. a4 Nb6 17. a5 Nc4 18. Bxc4 dxc4 19. e4 Rad8 20. Rbd1 Qe7 21. Ne5 Rd6 22. Nf3 Rdd8 23. Ne5 Bd7 24. Nxd7 Rxd7 25. e5 Nd5 26. Nxd5 Rxd5 27. Qc3 Red8 28. Rfe1 Qd7 29. Re4 Qf5 30. Rf4 Qe6 31. g4 Rxe5 32. dxe5 Rxd1+ 33. Kh2 Rd3 34. Qb2 c3 35. Qc1 Qxe5 36. g3 Rd2 37. Rf3 Qd4 38. Qxc3 Rxf2+ 39. Kh3 Qxc3 40. Rxc3 Rf6 41. Rc5 Kf8 42. g5 hxg5 43. Rxg5 Rd6 44. Rc5 Ke7 45. Kg4 Kd7 46. Kf3 Rd4 47. Rf5 f6 48. Rh5 Rxb4 49. Rh7 Ra4 50. Rxg7+ Kd6 51. Rf7 Ke6 52. Rc7 Rxa5 53. Rxc6+ Kf5 54. Rc5+ Kg6 55. Rc6 Ra3+ 56. Kf4 a5 57. Rb6 b4 58. g4 Rc3 59. Rb5 Rc4+ 60. Kf3 a4 61. Ra5 a3 62. Kg3 Rc3+ 63. Kf4 b3 64. g5 b2 65. Rb5 a2 66. gxf6 a1Q 67. Rg5+ Kf7 68. Rg7+ Kxf6 69. Rf7+ Kxf7 70. Ke5 Qe1+ 71. Kd5 Rd3+ 72. Kc4 Qc3+ 73. Kb5 Rd4 74. Ka6 Rb4 75. Ka5 Qa3# 0-1

[Event "Titled Tuesday intern op 04th Mar Early"]
[Site "Chess.com INT"]
[Date "2025.03.04"]
[Round "3"]
[White "Enkhrii, Enkh Amgalan"]
[Black "Lisjak, Zlatko"]
[Result "1-0"]
[WhiteElo "2184"]
[BlackElo "2209"]
[PlyCount "95"]
[EventDate "2025.03.04"]
[EventType "swiss (blitz)"]
[EventRounds "11"]
[EventCountry "USA"]
[SourceTitle "CB11_2025"]
[SourceDate "2025.03.12"]
[SourceVersion "1"]
[SourceVersionDate "2025.03.12"]
[SourceQuality "1"]

1. d4 d5 2. c4 c5 3. dxc5 d4 4. Nf3 Nc6 5. Bf4 f6 6. Qa4 e5 7. Bd2 e4 8. Ng1 Bxc5 9. b4 Be7 10. b5 Ne5 11. Na3 Bxa3 12. Qxa3 Nxc4 13. Qb4 Be6 14. Nh3 Ne7 15. Nf4 Bf7 16. g3 0-0 17. Bg2 g5 18. Nh3 e3 19. fxe3 dxe3 20. Bc3 Nd5 21. Qxc4 Rc8 22. Qd4 Nxc3 23. Qxd8 Rfxd8 24. a4 Rd2 25. Bf3 Rcd8 26. 0-0 Bc4 27. Rfc1 Nxe2+ 28. Bxe2 Bxe2 29. Ra3 Bf3 30. Rxe3 Rg2+ 31. Kf1 Rxh2 32. Rxf3 g4 33. Rxf6 gxh3 34. Re1 Rh1+ 35. Kf2 Rxe1 36. Kxe1 Kg7 37. Rf4 Re8+ 38. Kf2 Kg6 39. Rh4 Rd8 40. Rxh3 Rd4 41. Rh4 Rd2+ 42. Ke3 Ra2 43. Rd4 h5 44. Kf4 Ra3 45. Rd6+ Kg7 46. Rd7+ Kf6 47. Rxb7 Rxa4+ 48. Kf3 1-0

[Event "Titled Tuesday intern op 04th Mar Early"]
[Site "Chess.com INT"]
[Date "2025.03.04"]
[Round "1"]
[White "Enkhrii, Enkh Amgalan"]
[Black "Yelisieiev, Yevhenii"]
[Result "0-1"]
[WhiteElo "2184"]
[BlackElo "2421"]
[PlyCount "62"]
[EventDate "2025.03.04"]
[EventType "swiss (blitz)"]
[EventRounds "11"]
[EventCountry "USA"]
[SourceTitle "CB11_2025"]
[SourceDate "2025.03.12"]
[SourceVersion "1"]
[SourceVersionDate "2025.03.12"]
[SourceQuality "1"]

1. d4 d6 2. c4 e5 3. e4 exd4 4. Qxd4 Nc6 5. Qd1 g6 6. Nf3 Bg7 7. Bd3 Nge7 8. 0-0 0-0 9. Nc3 f5 10. Bg5 h6 11. Be3 f4 12. Bd2 g5 13. Rb1 Ng6 14. Nd5 g4 15. Ne1 Nce5 16. Be2 c6 17. Nc3 Qh4 18. g3 Qh3 19. gxf4 Nxf4 20. Bxf4 Rxf4 21. Ng2 Rf7 22. Qxd6 Nf3+ 23. Bxf3 gxf3 24. Ne3 Qh5 25. Qg3 Kh8 26. Kh1 Be5 27. Rbd1 Be6 28. Qg1 Rg8 29. Qxg8+ Kxg8 30. Rd8+ Kh7 31. Rg1 Qxh2# 0-1

[Event "Titled Tuesday intern op 25th Feb Early"]
[Site "Chess.com INT"]
[Date "2025.02.25"]
[Round "8"]
[White "Enkhrii, Enkh Amgalan"]
[Black "Abbasova, Aiguioun"]
[Result "1-0"]
[WhiteElo "2184"]
[BlackElo "2170"]
[PlyCount "84"]
[EventDate "2025.02.25"]
[EventType "swiss (blitz)"]
[EventRounds "11"]
[EventCountry "USA"]
[SourceTitle "CB10_2025"]
[SourceDate "2025.03.05"]
[SourceVersion "1"]
[SourceVersionDate "2025.03.05"]
[SourceQuality "1"]

1. d4 Nf6 2. c4 g6 3. Nc3 Bg7 4. e4 d6 5. Be2 0-0 6. Nf3 Na6 7. 0-0 e5 8. Bg5 exd4 9. Nxd4 h6 10. Be3 Nc5 11. f3 Re8 12. Qd2 Kh7 13. Rfe1 c6 14. Rad1 Qc7 15. Nb3 Nxb3 16. axb3 Re6 17. Bf1 a5 18. Na4 Nd7 19. Bf4 Ne5 20. Qf2 Rb8 21. Qb6 Qxb6+ 22. Nxb6 g5 23. Bg3 h5 24. c5 h4 25. Bf2 Bf8 26. Bc4 Nxc4 27. bxc4 Kg6 28. e5 d5 29. cxd5 cxd5 30. Nxd5 Rc6 31. b4 axb4 32. Nxb4 Rxc5 33. Rd8 Rb5 34. Nd5 Ra8 35. Nc7 b6 36. Nxb5 Ra5 37. Rxf8 Rxb5 38. Rxc8 Rb2 39. Rc6+ Kh5 40. Rxb6 g4 41. fxg4+ Kxg4 42. Rxb2 Kg5 1-0

[Event "Titled Tuesday intern op 25th Feb Early"]
[Site "Chess.com INT"]
[Date "2025.02.25"]
[Round "11"]
[White "Enkhrii, Enkh Amgalan"]
[Black "Kuegel, Tobias"]
[Result "0-1"]
[WhiteElo "2184"]
[BlackElo "2423"]
[PlyCount "104"]
[EventDate "2025.02.25"]
[EventType "swiss (blitz)"]
[EventRounds "11"]
[EventCountry "USA"]
[SourceTitle "CB10_2025"]
[SourceDate "2025.03.05"]
[SourceVersion "1"]
[SourceVersionDate "2025.03.05"]
[SourceQuality "1"]

1. d4 d5 2. c4 e6 3. Nc3 Nf6 4. Bg5 Be7 5. e3 h6 6. Bh4 dxc4 7. Bxc4 c5 8. dxc5 Qxd1+ 9. Rxd1 Nbd7 10. Nb5 0-0 11. b4 a5 12. a3 axb4 13. axb4 b6 14. Nd4 Ne5 15. Bb5 bxc5 16. Nc6 Nxc6 17. Bxc6 Rb8 18. b5 Bb7 19. Nf3 Bxc6 20. bxc6 Rbc8 21. Rd7 Rfe8 22. Ne5 Nd5 23. Bxe7 Nxe7 24. c7 Nd5 25. Ke2 Rxc7 26. Rxc7 Nxc7 27. Rc1 Na6 28. Ra1 Ra8 29. Nd7 Rd8 30. Rxa6 Rxd7 31. Ra8+ Kh7 32. Rc8 Rd5 33. e4 Re5 34. Ke3 g5 35. g3 f5 36. f3 Kg6 37. f4 Rxe4+ 38. Kf3 g4+ 39. Kf2 c4 40. Rc6 Kf6 41. Rc5 h5 42. Rc6 h4 43. Rc5 h3 44. Rc6 Rd4 45. Rc7 Rd2+ 46. Kg1 Rg2+ 47. Kh1 Rc2 48. Kg1 Kg6 49. Rc6 Kf7 50. Rc7+ Ke8 51. Rc5 Kd7 52. Kh1 Rc1# 0-1

[Event "Titled Tuesday intern op 25th Feb Early"]
[Site "Chess.com INT"]
[Date "2025.02.25"]
[Round "10"]
[White "Landivar, Matias"]
[Black "Enkhrii, Enkh Amgalan"]
[Result "0-1"]
[WhiteElo "2014"]
[BlackElo "2184"]
[PlyCount "102"]
[EventDate "2025.02.25"]
[EventType "swiss (blitz)"]
[EventRounds "11"]
[EventCountry "USA"]
[SourceTitle "CB10_2025"]
[SourceDate "2025.03.05"]
[SourceVersion "1"]
[SourceVersionDate "2025.03.05"]
[SourceQuality "1"]

1. d4 Nf6 2. Nf3 d5 3. c4 e6 4. Nc3 Be7 5. Bg5 0-0 6. e3 Nbd7 7. cxd5 exd5 8. Bd3 c6 9. 0-0 h6 10. Bf4 Nh5 11. Be5 Nxe5 12. dxe5 g6 13. a3 Ng7 14. b4 a5 15. Rb1 axb4 16. axb4 Ra3 17. Qc1 Ra8 18. Nd4 Re8 19. f4 Qb6 20. f5 Nxf5 21. Nxf5 Bxf5 22. Bxf5 gxf5 23. Ne2 Bg5 24. Nf4 Rxe5 25. Rf3 Bxf4 26. Rxf4 Qxe3+ 27. Qxe3 Rxe3 28. b5 c5 29. Rxf5 Rd3 30. b6 c4 31. Rbf1 c3 32. Rxf7 c2 33. Rc7 Rd2 34. h4 Rf8 35. Re1 Rd1 36. Rxc2 Rxe1+ 37. Kh2 Re6 38. Rc7 Rxb6 39. Rd7 Rf5 40. Kh3 h5 41. Kg3 Rb3+ 42. Kh2 Rf4 43. Rxd5 Rxh4+ 44. Kg1 b5 45. Kf2 Rf4+ 46. Kg1 h4 47. Kh2 Rb2 48. Kh3 b4 49. g4 hxg3 50. Kxg3 Rc4 51. Rd3 Rc3 0-1

[Event "Titled Tuesday intern op 04th Feb Early"]
[Site "Chess.com INT"]
[Date "2025.02.04"]
[Round "3"]
[White "Dahlgren, James Allen"]
[Black "Enkhrii, Enkh Amgalan"]
[Result "0-1"]
[WhiteElo "1891"]
[BlackElo "2184"]
[PlyCount "86"]
[EventDate "2025.02.04"]
[EventType "swiss (blitz)"]
[EventRounds "11"]
[EventCountry "USA"]
[SourceTitle "CB07_2025"]
[SourceDate "2025.02.12"]
[SourceVersion "1"]
[SourceVersionDate "2025.02.12"]
[SourceQuality "1"]

1. e4 c5 2. c4 Nc6 3. Nc3 Nf6 4. Nge2 g6 5. g3 Bg7 6. Bg2 0-0 7. 0-0 d6 8. f4 Nd4 9. d3 Bg4 10. h3 Bxe2 11. Nxe2 Nh5 12. Kh2 e5 13. Nxd4 cxd4 14. f5 f6 15. g4 Nf4 16. Bxf4 exf4 17. Rxf4 Bh6 18. Rf1 Qe7 19. Qf3 Qe5+ 20. Qg3 Qc5 21. a3 a5 22. Rab1 a4 23. h4 Be3 24. Rf3 g5 25. hxg5 fxg5 26. Qe1 b5 27. Qe2 bxc4 28. dxc4 Qe5+ 29. Kh1 Rab8 30. Rh3 Rb3 31. Bf3 Rfb8 32. Rh2 Bf4 33. Rh6 Re3 34. Qg2 Rbb3 35. Re6 Rxf3 36. Rxe5 Rh3+ 37. Kg1 dxe5 38. Qe2 Rbg3+ 39. Kf1 Rh1+ 40. Kf2 Rh2+ 41. Ke1 Rxe2+ 42. Kxe2 Rg2+ 43. Kf3 Rc2 0-1

[Event "Titled Tuesday intern op 04th Feb Early"]
[Site "Chess.com INT"]
[Date "2025.02.04"]
[Round "6"]
[White "Enkhrii, Enkh Amgalan"]
[Black "Kozionov, Kirill"]
[Result "0-1"]
[WhiteElo "2184"]
[BlackElo "2449"]
[PlyCount "114"]
[EventDate "2025.02.04"]
[EventType "swiss (blitz)"]
[EventRounds "11"]
[EventCountry "USA"]
[SourceTitle "CB07_2025"]
[SourceDate "2025.02.12"]
[SourceVersion "1"]
[SourceVersionDate "2025.02.12"]
[SourceQuality "1"]

1. d4 Nf6 2. c4 c5 3. d5 b5 4. cxb5 a6 5. bxa6 g6 6. Nc3 Bg7 7. Nf3 0-0 8. e4 Qa5 9. Bd2 Bxa6 10. Bxa6 Qxa6 11. Qe2 d6 12. Qxa6 Nxa6 13. 0-0 Rfb8 14. b3 Nb4 15. a4 Nd7 16. Rab1 Na6 17. Nb5 Rb7 18. Ne1 Nc7 19. Nxc7 Rxc7 20. Nc2 Rb7 21. Na3 h5 22. g3 Nf6 23. f3 Ne8 24. Nc4 Kf8 25. Na5 Rb6 26. Nc4 Rbb8 27. a5 Nf6 28. b4 cxb4 29. Bxb4 Nd7 30. Kg2 Rc8 31. Rfc1 Bh6 32. f4 g5 33. Kf3 Ra6 34. Rc2 Rb8 35. Rcb2 Rc8 36. Ne3 e6 37. dxe6 fxe6 38. e5 gxf4 39. Bxd6+ Ke8 40. gxf4 Rxa5 41. Rb7 Ra4 42. Bb4 Ra2 43. Rd1 Rd8 44. Nc4 Bf8 45. Nd6+ Bxd6 46. Bxd6 Rc2 47. Rg1 Rc3+ 48. Ke4 Rc4+ 49. Ke3 Rc3+ 50. Kd2 Rcc8 51. Rg8+ Kf7 52. Rxd8 Rxd8 53. Ke3 Ke8 54. Ke4 Ra8 55. f5 Ra4+ 56. Bb4 Nc5+ 57. Ke3 Nxb7 0-1